| 000 | 00958nam a22003017a 4500 | ||
|---|---|---|---|
| 003 | CHAP | ||
| 005 | 20220329141145.0 | ||
| 008 | 971010s1975 mx r 00010 spa d | ||
| 010 | _a63567 | ||
| 011 | _a64539 | ||
| 035 | _a70148 | ||
| 040 | _cCHAP | ||
| 082 | 0 | 4 |
_a301 _bS3 |
| 100 | 0 | 0 |
_aSánchez Azcona, Jorge. _9107346 |
| 245 | 1 | 0 |
_aLecturas de sociología y ciencia política _c/por Jorge Sánchez Azcona |
| 260 |
_aMéxico, D. F. : _bUNAM, _c1975 |
||
| 300 | _a315 p. | ||
| 590 |
_aBATCH-UPD _b10 _c20130110 _lUCH01 _h0947 |
||
| 590 |
_aBATCH-UPD _b10 _c20130410 _lUCH01 _h0602 |
||
| 590 |
_aBATCH-UPD _b10 _c20130914 _lUCH01 _h0937 |
||
| 590 |
_aCONVERSION _b10 _c20130109 _lUCH01 _h1334 |
||
| 650 | 0 | 4 |
_aCiencias políticas. _923206 |
| 650 | 0 | 4 |
_aSociología. _9108197 |
| 901 | _aBK | ||
| 942 | _cLIBRO | ||
| 949 |
_a301 S3 _bBC _cLIBRO _d33724000287405 _eLIBRO _fc.2 _h45684 _i70148 _si |
||
| 949 |
_a301 S3 _bBC _cLIBRO _d33724000287413 _eLIBRO _h45683 _i70148 _si |
||
| 999 |
_c63567 _d63567 |
||